Classroom of the Elite All Personnage - Statistiques

Statistiques générales
  • Ce quiz a été pris 281 fois
  • Le résultat moyen est 24 sur 80
Statistiques - réponses
Niveau Personnage % Correct
Classe D (Première) Kiyotaka Ayanokoji
91%
Classe D (Première) Suzune Horikita
85%
Chef White Room Atsuomi Ayanokoji
84%
Classe A (Diplomé) Manabu Horikita
71%
Classe D (Première) Kei Karuizawa
70%
Classe A (Première) Arisu Sakayanagi
69%
Classe C (Première) Kakeru Ryuen
69%
Classe D (Première) Ken Sudo
67%
Classe B (Première) Honami Ichinose
65%
Classe D (Première) Kikyo Kushida
63%
Classe D (Première) Rokusuke Koenji
54%
Directeur Chairman Sakayanagi
53%
Classe D (Première) Airi Sakura
52%
Classe D (Première) Yosuke Hirata
51%
Classe D (Première) Kanji Ike
43%
Classe A (Seconde) Kyo Ishigami
42%
Professeur D Sae Chabachira
41%
Classe B (Seconde) Takuya Yagami
41%
Classe C (Première) Mio Ibuki
40%
Classe A (Terminal) Miyabi Nagumo
40%
Classe A (Seconde) Ichika Amasawa
39%
Classe D (Première) Haruki Yamauchi
38%
Classe D (Première) Maya Sato
37%
Classe A (Première) Ai Morishita
36%
Classe C (Première) Albert Yamada
36%
Classe D (Seconde) Kazuomi Hosen
35%
Classe C (Première) Kohei Katsuragi
31%
Classe D (Seconde) Tsubasa Nanase
30%
Classe C (Première) Hiyori Shiina
29%
Classe A (Première) Masayoshi Hashimoto
29%
Classe B (Première) Ryuji Kanzaki
29%
Classe C (Première) Daichi Ishizaki
28%
White Room Yuki
28%
Classe B (Première) Yuki Himeno
28%
Classe C (Seconde) Sakurako Tsubaki
26%
Classe D (Première) Teruhiko Yukimura
26%
Directeur Intérim Tsukishiro
26%
Classe D (Première) Chiaki Matsushita
24%
Classe D (Première) Haruka Hasebe
24%
Classe A (Diplomé) Akane Tachibana
23%
Professeur B Chie Hoshinomiya
23%
Classe A (Première) Masumi Kamuro
23%
Classe C (Première) Shiho Manabe
23%
Classe B (Terminal) Fuka Kiryuin
21%
Professeur D Katsunori Shiba
21%
Classe C (Seconde) Riku Utomiya
21%
Classe D (Première) Satsuki Shinohara
21%
Professeur A Tomonari Mashima
21%
Classe D (Première) Mei-Yu Wang
20%
Classe D (Première) Akito Miyake
19%
Classe A (Première) Hayato Kito
19%
Classe A (Première) Miki Yamamura
19%
Classe B (Terminal) Ikuto Kiriyama
18%
Classe D (Première) Maezono
18%
Classe A (Terminal) Nazuna Asahina
18%
Classe D (Première) Ryotaro Hondo
18%
Classe C (Première) Satoru Kaneda
18%
Classe D (Première) Kayano Onodera
17%
Professeur C Kazuma Sakagami
16%
Classe B (Première) Mako Amikura
16%
White Room Shiro
16%
Classe D (Première) Hideo Sotomura
15%
Classe A (Première) Kosei Sanada
15%
Classe A (Première) Yahiko Totsuka
15%
Classe B (Première) Norihito Watanabe
14%
Classe B (Première) So Shibata
14%
Fils Majordome Eiichiro Matsuo
13%
Classe C (Première) Kyogo Komiya
13%
Classe C (Première) Reo Kondo
13%
Classe B (Première) Tetsuya Hamaguchi
13%
Classe C (Première) Rika Morofuji
12%
Classe C (Première) Hiroya Tokito
11%
Classe A (Première) Koji Machida
11%
Classe C (Première) Takeko Nishino
11%
Classe B (Première) Chihiro Shiranami
9%
Classe D (Première) Soshi Miyamoto
9%
Classe B (Première) Yume Kobashi
9%
Classe D (Première) Wataru Ijuin
8%
Classe B (Première) Sayo Ando
7%
Classe B (Première) Kozue Minamikata
6%
Aucun quiz correspondant
Distribution des résultats
% des personnes avec chaque résultat
Percentile par nombre de réponses
Votre historique - résultats
Vous n’avez pas pris ce quiz